| 000 | 00562nam a2200145Ia 4500 | ||
|---|---|---|---|
| 008 | 140724s9999 xx 000 0 und d | ||
| 050 |
_aT 58.6 _b.M277 2011 |
||
| 100 | _aMangampo, Miguel Salvador L. | ||
| 245 |
_aManagement information system (MIS) issue tracking system for Southville International School and Colleges / _cMiguel Salvador L. Mangampo. |
||
| 260 |
_aLas PiƱas, Philippines : _bSouthville International School and Colleges, _cc2011. |
||
| 300 |
_a39 p. : _bill. ; _c28 cm. |
||
| 521 | _aInformation Technology | ||
| 942 | _cTH | ||
| 999 |
_c229264 _d229264 |
||